[Event "Xtracon Chess Open 2017"]
[Site "Helsingor DEN"]
[Date "2017.07.28"]
[Round "8.126"]
[White "Damm-Frydenberg, Anders"]
[Black "Tandrup, Michael"]
[Result "1-0"]
[WhiteElo "1614"]
[BlackElo "1946"]
[WhiteFideId "1462970"]
[BlackFideId "1408356"]
[EventDate "2017.07.22"]

1. e4 e6 2. b3 d5 3. Bb2 dxe4 4. Nc3 Nf6 5. Qe2 Be7 6. O-O-O Nc6 7. Nxe4 O-O 8.
g4 Nxe4 9. Qxe4 Qd5 10. Bd3 Qxe4 11. Bxe4 f5 12. gxf5 exf5 13. Bd5+ Kh8 14. Nf3
Nb4 15. Bc4 b5 16. Bxb5 Bb7 17. Rhg1 Bxf3 18. Bxg7+ Kg8 19. Bc3+ Kf7 20. Rg7+
Ke6 21. Re1+ Be4 22. Bc4+ Nd5 23. Bxd5+ Kxd5 24. Rxe7 Rg8 25. f3 Bxf3 26. R1e5+
Kc6 27. Rxf5 Raf8 28. Rxf8 Rxf8 29. Rxh7 Kb6 30. Rh6+ c6 31. Rf6 Rxf6 32. Bxf6
a6 33. d4 c5 34. dxc5+ Kxc5 35. Kb2 Bd1 36. c4 Bf3 37. Kc3 Be4 38. h4 Bb1 39. a3
Bg6 40. b4+ Kc6 41. a4 Bh5 42. b5+ axb5 43. axb5+ Kc5 44. Be7+ Kb6 45. Kb4 Be2
46. c5+ Kb7 47. c6+ Kb6 48. Bd8+ Ka7 49. b6+ 1-0

[Event "Xtracon Chess Open 2017"]
[Site "Helsingor DEN"]
[Date "2017.07.28"]
[Round "8.127"]
[White "Easwaralingam, Adesh"]
[Black "Henriksen, Morgan"]
[Result "1/2-1/2"]
[WhiteElo "1941"]
[BlackElo "1632"]
[WhiteFideId "1448552"]
[BlackFideId "1510495"]
[EventDate "2017.07.22"]

1. e4 e6 2. d4 d5 3. Nd2 Nf6 4. e5 Nfd7 5. Bd3 c5 6. c3 Nc6 7. Ngf3 g6 8. O-O
cxd4 9. cxd4 Bg7 10. Nb3 O-O 11. Re1 a5 12. a4 b6 13. Bb5 Nb4 14. Bd2 Ba6 15.
Bxb4 axb4 16. Bxa6 Rxa6 17. Qd3 Ra7 18. Rec1 f6 19. exf6 Nxf6 20. Rc6 Re7 21.
Rac1 Ne4 22. Qb5 Nd6 23. Qxb4 Nc4 24. Na1 Rxf3 25. R6xc4 dxc4 26. gxf3 Rf7 27.
Qxc4 Qg5+ 28. Kf1 Qf5 29. Qb3 Bxd4 30. Rd1 e5 31. Nc2 Bc5 32. Re1 Kg7 33. Qc3
Qh3+ 34. Kg1 Rxf3 35. Qxe5+ Kh6 36. Ne3 Qh4 37. Re2 Bxe3 38. fxe3 Qxa4 39. Rf2
Qg4+ 40. Rg2 Qf5 41. Qxf5 Rxf5 42. Rg4 Kh5 43. Rb4 1/2-1/2

[Event "Xtracon Chess Open 2017"]
[Site "Helsingor DEN"]
[Date "2017.07.28"]
[Round "8.128"]
[White "Strachan, Christian C."]
[Black "Kvamme, Ingrid Jodre"]
[Result "1/2-1/2"]
[WhiteElo "1938"]
[BlackElo "1512"]
[WhiteFideId "1417215"]
[BlackFideId "1516981"]
[EventDate "2017.07.22"]

1. e4 c5 2. c3 d5 3. exd5 Qxd5 4. d4 g6 5. Nf3 Bg7 6. Na3 Nf6 7. Bc4 Qe4+ 8. Be3
cxd4 9. Qxd4 O-O 10. O-O Nc6 11. Qxe4 Nxe4 12. Nb5 Bf5 13. Nbd4 Nxd4 14. Nxd4
Bxd4 15. cxd4 Rac8 16. Rac1 Rfd8 17. Rfd1 Rd6 18. f3 Nf6 19. g4 Bd7 20. Bb3 Rxc1
21. Bxc1 Nd5 22. Kf2 Bc6 23. Bd2 b6 24. Re1 Kg7 25. Bxd5 Bxd5 26. Rxe7 a5 27. a3
Rf6 28. Re3 Rc6 29. Bc3 Kf8 30. Re5 Rd6 31. f4 f6 32. Re3 Kf7 33. h3 Be6 34. Kg3
f5 35. Re5 fxg4 36. hxg4 Rd5 37. Kf3 h5 38. gxh5 gxh5 39. Ke4 Rxe5+ 40. Kxe5 h4
41. Be1 h3 42. Bg3 Ke7 43. d5 Bd7 44. f5 Bc8 45. f6+ Kf7 46. Kd6 Bb7 47. Be5 a4
48. Bh2 Kxf6 49. Be5+ Kf5 1/2-1/2

[Event "Xtracon Chess Open 2017"]
[Site "Helsingor DEN"]
[Date "2017.07.28"]
[Round "8.129"]
[White "Sorensen, Torben Kyhl"]
[Black "Wiberg, Jonas"]
[Result "1-0"]
[WhiteElo "2155"]
[BlackElo "1773"]
[WhiteFideId "1412248"]
[BlackFideId "1720090"]
[EventDate "2017.07.22"]

1. e4 c6 2. d4 d5 3. e5 Bf5 4. Nf3 e6 5. Be2 h6 6. O-O c5 7. c4 Nc6 8. cxd5 Qxd5
9. Nc3 Qd7 10. Be3 cxd4 11. Nxd4 Nge7 12. Bb5 O-O-O 13. Qa4 Qc7 14. Rac1 Kb8 15.
Nce2 Be4 16. Nxc6+ Bxc6 17. Bxa7+ Kc8 18. Nd4 Rd5 19. Bxc6 bxc6 20. Nxc6 Kb7 21.
Qb3+ Ka8 22. Nxe7 1-0

[Event "Xtracon Chess Open 2017"]
[Site "Helsingor DEN"]
[Date "2017.07.28"]
[Round "8.130"]
[White "Nettelbeck, Jann"]
[Black "Jacobsen, Fredrik Beer"]
[Result "1-0"]
[WhiteElo "1790"]
[BlackElo "2081"]
[WhiteFideId "12975672"]
[BlackFideId "1507044"]
[EventDate "2017.07.22"]

1. d4 d5 2. c4 c6 3. Nc3 Nf6 4. e3 Bf5 5. cxd5 cxd5 6. Qb3 b6 7. Bb5+ Bd7 8.
Nxd5 e6 9. Nxf6+ gxf6 10. Qa4 a6 11. Bxd7+ Nxd7 12. Bd2 Bd6 13. Qc6 Ke7 14. Ne2
Ra7 15. O-O Rc7 16. Qe4 f5 17. Qh4+ f6 18. Nf4 Nf8 19. Nh5 Kf7 20. Nf4 Ng6 21.
Qh6 Bxf4 22. exf4 Qf8 23. Qxf8+ Rxf8 24. Rac1 Rfc8 25. Rxc7+ Rxc7 26. Rc1 Rxc1+
27. Bxc1 Ke7 28. g3 Kd6 29. Be3 Kd5 30. Kf1 Ne7 31. Ke2 Kc4 32. Kd2 Nd5 33. f3
a5 34. g4 a4 35. g5 b5 36. h4 fxg5 37. fxg5 f4 38. Bf2 h5 39. gxh6 Nf6 40. Kc2
Kb4 41. b3 Ka3 42. bxa4 b4 43. Kb1 Nd5 44. Be1 1-0

[Event "Xtracon Chess Open 2017"]
[Site "Helsingor DEN"]
[Date "2017.07.28"]
[Round "8.131"]
[White "Schmied, Andreas"]
[Black "Svanholm, Borge Waaktaar"]
[Result "0-1"]
[WhiteElo "2010"]
[BlackElo "1761"]
[WhiteFideId "4625897"]
[BlackFideId "1504835"]
[EventDate "2017.07.22"]

1. e4 e6 2. d4 d5 3. Nd2 c5 4. exd5 Qxd5 5. Ngf3 cxd4 6. Bc4 Qd6 7. O-O Nf6 8.
Nb3 Nc6 9. Nbxd4 Nxd4 10. Qxd4 Qxd4 11. Nxd4 a6 12. Re1 Be7 13. Bb3 O-O 14. Bf4
Bd7 15. Rad1 Rfe8 16. h3 Rac8 17. c3 h6 18. Bh2 Bc5 19. a3 Red8 20. Re2 Kf8 21.
Bc2 Be8 22. Red2 Be7 23. Kf1 Kg8 24. f3 Nd5 25. Bg1 Nf6 26. a4 Rd5 27. Bb3 Rdd8
28. Ne2 Rxd2 29. Rxd2 Rd8 30. Ke1 Kf8 31. Nf4 Rxd2 32. Kxd2 Bc6 33. Bc2 Ke8 34.
Nd3 Bd6 35. c4 Nd7 36. b4 Ne5 37. Kc3 Nxd3 38. Bxd3 Bxa4 39. Bd4 e5 40. Be3 Bd7
41. g4 Bc6 42. Be4 Kd7 43. h4 Be7 44. Bf2 g6 45. Be3 Bxh4 46. Bxh6 Bxe4 47. fxe4
Ke6 48. Bd2 f5 49. exf5+ gxf5 50. gxf5+ Kxf5 51. Kd3 Bf2 52. b5 e4+ 53. Ke2 Bc5
54. Bc3 Kf4 55. Ba5 axb5 56. cxb5 Ke5 0-1

[Event "Xtracon Chess Open 2017"]
[Site "Helsingor DEN"]
[Date "2017.07.28"]
[Round "8.132"]
[White "Norevall, Ulf"]
[Black "French, Max"]
[Result "0-1"]
[WhiteElo "1769"]
[BlackElo "2001"]
[WhiteFideId "1705555"]
[BlackFideId "426652"]
[EventDate "2017.07.22"]

1. d4 Nf6 2. c4 e6 3. Nc3 Bb4 4. Qc2 c5 5. dxc5 O-O 6. Bg5 h6 7. Bf4 Bxc5 8. e3
b6 9. a3 Bb7 10. b4 Be7 11. f3 Nh5 12. Bxb8 Qxb8 13. Bd3 Qe5 14. Kf2 f5 15. f4
Bh4+ 16. Kf1 Qxe3 17. Qe2 Nxf4 18. Qxe3 Bxg2# 0-1

[Event "Xtracon Chess Open 2017"]
[Site "Helsingor DEN"]
[Date "2017.07.28"]
[Round "8.133"]
[White "Marthedal, Anton Mehmet Yildiz"]
[Black "Rendlev, Niels Moller"]
[Result "1-0"]
[WhiteElo "1993"]
[BlackElo "1756"]
[WhiteFideId "1441540"]
[BlackFideId "1409042"]
[EventDate "2017.07.22"]

1. d4 d5 2. Nf3 c6 3. Bg5 f5 4. c4 Nf6 5. e3 e6 6. Nc3 Be7 7. Bd3 Ne4 8. Bxe7
Qxe7 9. Ne5 O-O 10. Ne2 Qb4+ 11. Kf1 Nd2+ 12. Kg1 Nxc4 13. Bxc4 dxc4 14. Qc2 b5
15. h4 Qd6 16. h5 Nd7 17. f4 Nxe5 18. dxe5 Qe7 19. a4 a6 20. axb5 cxb5 21. Nd4
Bb7 22. Qf2 h6 23. Kh2 Kh8 24. Qg3 Qf7 25. Qg6 Qxg6 26. hxg6 Bd5 27. Ra5 Rfc8
28. Rha1 c3 29. bxc3 Rxc3 30. Rxa6 Rac8 31. Rb6 Rxe3 32. Nxe6 Re2 33. Rc1 Ra8
34. Nc7 Rxg2+ 35. Kh1 Rc2+ 36. Nxd5 Rxc1+ 37. Kg2 Rc2+ 38. Kf3 Rc5 39. Ne3 Kg8
40. Nxf5 Kf8 41. Rb7 h5 42. Rf7+ Kg8 43. Rxg7+ Kh8 44. Rh7+ Kg8 45. Nh6+ 1-0

[Event "Xtracon Chess Open 2017"]
[Site "Helsingor DEN"]
[Date "2017.07.28"]
[Round "8.134"]
[White "Overmark, Ole"]
[Black "Philipsen, William Horup"]
[Result "0-1"]
[WhiteElo "1767"]
[BlackElo "1977"]
[WhiteFideId "1410776"]
[BlackFideId "1408470"]
[EventDate "2017.07.22"]

1. Nf3 Nc6 2. c4 e5 3. Nc3 f5 4. d3 Nf6 5. e4 Bb4 6. Bd2 d6 7. Qc2 O-O 8. a3 Bc5
9. h3 Nd4 10. Nxd4 exd4 11. Na4 fxe4 12. Nxc5 dxc5 13. O-O-O Bf5 14. g4 exd3 15.
Bxd3 Bxd3 16. Qxd3 Qd6 17. f4 a5 18. Rdf1 a4 19. g5 Nh5 20. Qf3 g6 21. Rf2 Qc6
22. Qxc6 bxc6 23. Re1 Rae8 24. Rxe8 Rxe8 25. f5 Re5 26. f6 Kf7 27. h4 Re4 28.
Ba5 Nf4 29. Kd1 Ne6 30. Re2 Rxh4 31. Bxc7 Nxg5 32. Bd8 Ne4 33. Be7 d3 34. Re1 d2
35. Rf1 Rh3 36. Kc2 Rb3 37. Bd8 h5 38. Ba5 h4 39. Bc3 h3 40. Rf4 Nxc3 41. Kxd2
h2 42. Rh4 g5 43. Rh7+ Kxf6 44. bxc3 g4 45. Ke3 Rxc3+ 46. Kf2 Rh3 0-1

[Event "Xtracon Chess Open 2017"]
[Site "Helsingor DEN"]
[Date "2017.07.28"]
[Round "8.135"]
[White "Dittrich, Tom"]
[Black "Dittrich, Hans-Georg"]
[Result "1-0"]
[WhiteElo "1943"]
[BlackElo "1742"]
[WhiteFideId "12923532"]
[BlackFideId "12923591"]
[EventDate "2017.07.22"]

1. e4 e5 2. f4 d5 3. exd5 e4 4. d3 Nf6 5. dxe4 Nxe4 6. Nf3 Bc5 7. Qe2 O-O 8.
Qxe4 Re8 9. Ne5 f6 10. Bd3 g6 11. Nc3 fxe5 12. fxe5 Bf5 13. Qf4 Bxd3 14. cxd3
Rf8 15. Qe4 Nd7 16. d4 Bb4 17. Bh6 Nf6 18. exf6 Re8 19. f7+ Kxf7 20. O-O+ Kg8
21. Qf3 Qe7 22. d6 Bxd6 23. Nd5 Bxh2+ 24. Kh1 Qh4 25. Qf7+ 1-0

[Event "Xtracon Chess Open 2017"]
[Site "Helsingor DEN"]
[Date "2017.07.28"]
[Round "8.136"]
[White "Madison, Sigurd"]
[Black "Bering, Anders"]
[Result "1-0"]
[WhiteElo "1736"]
[BlackElo "1940"]
[WhiteFideId "1711806"]
[BlackFideId "1405810"]
[EventDate "2017.07.22"]

1. e4 c5 2. Nf3 d6 3. d4 cxd4 4. Nxd4 Nf6 5. Nd2 Nc6 6. Nxc6 bxc6 7. Be2 g6 8.
c3 Bg7 9. O-O O-O 10. Kh1 a5 11. f4 a4 12. Bf3 Ba6 13. Re1 a3 14. bxa3 Nd7 15.
Qc2 Nc5 16. Be2 Bxe2 17. Rxe2 Qa5 18. Re3 Na4 19. Nb3 Qa6 20. Nd2 Rfb8 21. h3
Bh6 22. Rf3 Qe2 23. Rb1 Rxb1 24. Qxb1 Qa6 25. c4 e5 26. Qd3 Bxf4 27. Qxd6 Qa5
28. Qxc6 Rd8 29. Qf6 Qc7 30. Rxf4 exf4 31. e5 Nc5 32. Kh2 Ne6 33. Ne4 Qxc4 34.
Nd6 Rxd6 35. Bxf4 Qxf4+ 36. Qxf4 Nxf4 37. exd6 Kf8 38. Kg3 Nd5 39. Kf3 f6 40.
Ke4 Nb6 41. Kd4 Ke8 42. Kc5 Nd7+ 43. Kc6 Kd8 44. a4 f5 45. a5 g5 46. Kd5 f4 47.
Ke6 Nc5+ 48. Kf5 h6 49. Kg6 Kd7 50. Kxh6 Kxd6 51. Kxg5 Ke5 52. h4 Ne6+ 53. Kg4
Nc5 54. h5 Na6 55. Kg5 Nc5 56. h6 Ne6+ 57. Kg4 Kf6 58. Kh5 Nc7 59. Kg4 Kg6 60.
Kxf4 Kxh6 61. Kf5 Kg7 62. Ke5 Kf7 63. Kd6 Na6 64. a3 Ke8 65. Kc6 Kd8 66. Kb6 Nc7
67. Kb7 Ne6 68. a6 Nc5+ 69. Kb6 Nd7+ 70. Kc6 Kc8 71. a7 1-0

[Event "Xtracon Chess Open 2017"]
[Site "Helsingor DEN"]
[Date "2017.07.28"]
[Round "8.137"]
[White "Bjornes, Leif"]
[Black "Winther, Bjarke Rosenborg"]
[Result "1-0"]
[WhiteElo "1934"]
[BlackElo "1741"]
[WhiteFideId "1507397"]
[BlackFideId "1447173"]
[EventDate "2017.07.22"]

1. d4 d5 2. c4 c6 3. Nf3 Nf6 4. Nc3 dxc4 5. a4 Bf5 6. Ne5 e6 7. f3 Bb4 8. e4
Bxe4 9. fxe4 Nxe4 10. Bd2 Qxd4 11. Nxe4 Qxe4+ 12. Qe2 Bxd2+ 13. Kxd2 Qxe2+ 14.
Bxe2 Nd7 15. Nxc4 O-O-O 16. Nd6+ 1-0

[Event "Xtracon Chess Open 2017"]
[Site "Helsingor DEN"]
[Date "2017.07.28"]
[Round "8.138"]
[White "Hafstad, Leif"]
[Black "Lunde, Sigmund"]
[Result "1-0"]
[WhiteElo "1735"]
[BlackElo "1932"]
[WhiteFideId "438030"]
[BlackFideId "1511351"]
[EventDate "2017.07.22"]

1. e4 d5 2. exd5 Qxd5 3. Nc3 Qd8 4. Nf3 Nf6 5. d4 g6 6. Bf4 a6 7. Qd2 Bg7 8. Bh6
O-O 9. Bxg7 Kxg7 10. h4 h5 11. Be2 Nbd7 12. Nh2 Rh8 13. O-O-O b5 14. Rdg1 b4 15.
Nb1 Ne4 16. Qe3 Ndf6 17. Nd2 Nxd2 18. Qxd2 Qd6 19. Bf3 Rb8 20. g4 Be6 21. gxh5
Nxh5 22. Bxh5 Rxh5 23. Nf1 Rbh8 24. Ng3 Rxh4 25. Rxh4 Rxh4 26. d5 Bc8 27. Qg5
Qf4+ 28. Qxf4 Rxf4 29. Nh5+ Kh6 30. Nxf4 1-0

[Event "Xtracon Chess Open 2017"]
[Site "Helsingor DEN"]
[Date "2017.07.28"]
[Round "8.139"]
[White "Meyer, Juergen"]
[Black "Tolba, Henri"]
[Result "1-0"]
[WhiteElo "1928"]
[BlackElo "1729"]
[WhiteFideId "24661759"]
[BlackFideId "1418246"]
[EventDate "2017.07.22"]

1. e4 e5 2. Nc3 Nc6 3. f4 exf4 4. Nf3 d6 5. d4 Bg4 6. Bxf4 Bxf3 7. gxf3 g5 8.
Be3 a6 9. Qd2 g4 10. f4 Bg7 11. O-O-O b5 12. Bg2 Na5 13. b3 Ne7 14. f5 Rb8 15.
Nd5 Nxd5 16. exd5 b4 17. Bg5 Bf6 18. Bh6 Kd7 19. a3 Nxb3+ 20. cxb3 bxa3 21. Kc2
Kc8 22. Bf1 Rb6 23. Qa5 Qd7 24. Bxa6+ Kb8 25. Rhf1 Re8 26. Ra1 Qe7 27. Bd3 Bxd4
28. Rxa3 Kc8 29. Qa8+ Rb8 30. Ba6+ Kd7 31. Qc6+ Kd8 32. Bd3 Qh4 33. Bf4 Qh3 34.
Ra8 Qg2+ 35. Bd2 Rxa8 36. Qxa8+ Ke7 37. Re1+ Be5 38. Qc6 Kf8 39. Re2 Qh3 40. Bb5
Rb8 41. Ba4 g3 42. hxg3 Qxf5+ 43. Kd1 Qf1+ 44. Be1 Qf3 45. Qc4 Qf5 46. Qe4 Qh5
47. g4 Qh3 48. Re3 Qh2 49. Re2 Qh3 50. Bd2 Rxb3 51. Bxb3 Qxb3+ 52. Ke1 Qg3+ 53.
Kf1 Qh3+ 54. Kg1 Qg3+ 55. Rg2 Qa3 56. Bh6+ Kg8 57. Qe3 Qa1+ 58. Qc1 Bd4+ 59. Kh1
Qxc1+ 60. Bxc1 Kg7 61. Bb2 1-0

[Event "Xtracon Chess Open 2017"]
[Site "Helsingor DEN"]
[Date "2017.07.28"]
[Round "8.140"]
[White "Alfven, Jorgen"]
[Black "Christiansen, Torsten Sundgaar"]
[Result "1-0"]
[WhiteElo "1927"]
[BlackElo "1718"]
[WhiteFideId "1715950"]
[BlackFideId "1419714"]
[EventDate "2017.07.22"]

1. d4 e6 2. c4 f5 3. Nf3 Nf6 4. g3 c6 5. Bg2 Bd6 6. e3 O-O 7. O-O Qe8 8. Nc3 Bc7
9. Ne1 d5 10. b3 Ne4 11. Nxe4 fxe4 12. f3 exf3 13. Nxf3 Nd7 14. Bb2 Qg6 15. Qd2
Nf6 16. Nh4 Qh6 17. Qe2 g5 18. Nf3 Bd7 19. Ne5 Bxe5 20. dxe5 Nh5 21. Ba3 Rxf1+
22. Rxf1 Ng7 23. g4 Qg6 24. h3 h5 25. Rf6 Qb1+ 26. Kh2 Qh7 27. Kg1 Qb1+ 28. Rf1
Qg6 29. e4 Re8 30. Rf6 Qh7 31. Qd2 hxg4 32. hxg4 Qh4 33. Qe2 Qg3 34. Bd6 Kh7 35.
Rf3 1-0

[Event "Xtracon Chess Open 2017"]
[Site "Helsingor DEN"]
[Date "2017.07.28"]
[Round "8.141"]
[White "Kumpen, Jona"]
[Black "Rasmussen, Morten Fredsgaard2"]
[Result "1/2-1/2"]
[WhiteElo "1711"]
[BlackElo "1922"]
[WhiteFideId "238520"]
[BlackFideId "1410636"]
[EventDate "2017.07.22"]

1. d4 d5 2. Nf3 Bf5 3. Bf4 c6 4. e3 Qb6 5. Qc1 Nd7 6. c4 Ngf6 7. Nbd2 e6 8. Be2
Bb4 9. O-O Bxd2 10. Nxd2 O-O 11. b3 c5 12. Qb2 cxd4 13. exd4 dxc4 14. Nxc4 Qc6
15. Rac1 Be4 16. Ne3 Qb6 17. Bc7 Qb4 18. Rc4 Qe7 19. Rfc1 Rfc8 20. Bd6 Qe8 21.
Rxc8 Rxc8 22. Nc4 Rc6 23. Bf4 Qc8 24. Nd6 1/2-1/2

[Event "Xtracon Chess Open 2017"]
[Site "Helsingor DEN"]
[Date "2017.07.28"]
[Round "8.142"]
[White "Olsen, Kim Alex"]
[Black "Westerlund, Ola"]
[Result "1-0"]
[WhiteElo "1706"]
[BlackElo "1910"]
[WhiteFideId "1406663"]
[BlackFideId "1712101"]
[EventDate "2017.07.22"]

1. d4 d6 2. c4 g6 3. Nc3 Bg7 4. e4 e5 5. d5 Ne7 6. Bd3 O-O 7. f4 exf4 8. Bxf4
Nd7 9. Nf3 Ne5 10. Nxe5 dxe5 11. Bg5 f6 12. Bh4 c6 13. O-O cxd5 14. cxd5 Bd7 15.
Qb3 Qb6+ 16. Qxb6 axb6 17. Bc4 Nc8 18. Bb5 Bxb5 19. Nxb5 Ra4 20. Rfe1 f5 21. a3
Rxe4 22. Rxe4 fxe4 23. d6 Rf7 24. Rc1 1-0

[Event "Xtracon Chess Open 2017"]
[Site "Helsingor DEN"]
[Date "2017.07.28"]
[Round "8.143"]
[White "McAndrew, Robert"]
[Black "Nesse, David"]
[Result "1-0"]
[WhiteElo "1909"]
[BlackElo "1718"]
[WhiteFideId "2404915"]
[BlackFideId "1519875"]
[EventDate "2017.07.22"]

1. Nf3 c5 2. g3 g6 3. Bg2 Bg7 4. d3 e6 5. Nbd2 Ne7 6. e4 d5 7. O-O O-O 8. Rb1
Nbc6 9. Re1 b6 10. Nf1 Bb7 11. exd5 exd5 12. Bf4 d4 13. Qd2 Nf5 14. a3 h6 15. h4
Nce7 16. Qc1 Nd5 17. Bd2 Re8 18. c4 dxc3 19. bxc3 Rxe1 20. Nxe1 Kh7 21. c4 Nd4
22. Qd1 Qe7 23. cxd5 Ne2+ 24. Kh2 Bd4 25. Ne3 Nxg3 26. fxg3 Bxe3 27. d6 Qe5 28.
Bxb7 Bf2 29. Bf4 Qf5 30. Bxa8 g5 31. Be4 1-0

[Event "Xtracon Chess Open 2017"]
[Site "Helsingor DEN"]
[Date "2017.07.28"]
[Round "8.144"]
[White "Lindgaard, Tobias Simon"]
[Black "Skjoldager, Flemming"]
[Result "0-1"]
[WhiteElo "1705"]
[BlackElo "1906"]
[WhiteFideId "1419820"]
[BlackFideId "1406515"]
[EventDate "2017.07.22"]

1. c4 Nf6 2. Nc3 d5 3. cxd5 Nxd5 4. e4 Nb4 5. d4 Qxd4 6. Qe2 e6 7. Be3 Qf6 8.
O-O-O a6 9. Nf3 Bd6 10. e5 Bxe5 11. Ne4 Qf5 12. g4 Qxe4 13. Rd8+ Kxd8 14. Bg5+
f6 15. Qxe4 Bd6 16. Bd2 N8c6 17. a3 Nd5 18. Bc4 Nb6 19. Bb3 e5 20. g5 f5 21. Qh4
g6 22. Rd1 Nd7 23. Bc3 Ke8 24. Qc4 Rf8 25. Qe6+ Kd8 26. Rxd6 cxd6 27. Qxd6 Re8
28. Bd5 a5 29. Bxc6 Ra6 30. Nxe5 Rxe5 31. Bxe5 Rxc6+ 0-1

[Event "Xtracon Chess Open 2017"]
[Site "Helsingor DEN"]
[Date "2017.07.28"]
[Round "8.145"]
[White "Bex, Lennert"]
[Black "Nielsen, Palle"]
[Result "0-1"]
[WhiteElo "1900"]
[BlackElo "1715"]
[WhiteFideId "232254"]
[BlackFideId "1408526"]
[EventDate "2017.07.22"]

1. c4 c6 2. Nc3 Nf6 3. b3 d5 4. d3 d4 5. Na4 e5 6. a3 b5 7. Nb2 a5 8. Nf3 Qc7 9.
Bd2 Nbd7 10. e3 dxe3 11. Bxe3 b4 12. axb4 Bxb4+ 13. Nd2 O-O 14. Be2 Bb7 15. O-O
Rfd8 16. Na4 c5 17. Qc2 Nf8 18. Bg5 Ne6 19. Bxf6 gxf6 20. Nf3 Kh8 21. Qc1 Nf4
22. Bd1 Rg8 23. g3 Qd7 24. Kh1 Qg4 25. Qe3 Bd2 0-1

[Event "Xtracon Chess Open 2017"]
[Site "Helsingor DEN"]
[Date "2017.07.28"]
[Round "8.146"]
[White "Ski, Alexander K."]
[Black "Nielsen, Carsten Juul"]
[Result "1/2-1/2"]
[WhiteElo "1658"]
[BlackElo "1886"]
[WhiteFideId "1521659"]
[BlackFideId "1402242"]
[EventDate "2017.07.22"]

1. e4 e5 2. Bc4 Nc6 3. Nf3 Be7 4. O-O Nf6 5. Re1 O-O 6. c3 Nxe4 7. Rxe4 d5 8.
Bxd5 Qxd5 9. d3 Bf5 10. Re3 e4 11. Nd4 Nxd4 12. dxe4 Bxe4 13. cxd4 Bxb1 14. Rxb1
Qd6 15. Re1 Bf6 16. Be3 1/2-1/2

[Event "Xtracon Chess Open 2017"]
[Site "Helsingor DEN"]
[Date "2017.07.28"]
[Round "8.147"]
[White "Magnussen, Pal"]
[Black "Gutierrez Bolado, Juan Antonio"]
[Result "1-0"]
[WhiteElo "1881"]
[BlackElo "1696"]
[WhiteFideId "1711814"]
[BlackFideId "2298708"]
[EventDate "2017.07.22"]

1. e4 g6 2. d4 Nf6 3. Nc3 d5 4. exd5 Nxd5 5. Nxd5 Qxd5 6. c4 Qd8 7. h3 Bg7 8.
Nf3 Nd7 9. Be2 b6 10. O-O O-O 11. Qc2 c5 12. Qe4 Ba6 13. dxc5 Nxc5 14. Qh4 Bf6
15. Ng5 Bxg5 16. Bxg5 f6 17. Bh6 Rf7 18. b4 Ne6 19. Bf3 Rb8 20. Bd5 Bc8 21. Rfe1
Nc7 22. Bxf7+ Kxf7 23. Bf4 Kg7 24. Qh6+ Kg8 25. Rad1 Bd7 26. Bxc7 1-0

[Event "Xtracon Chess Open 2017"]
[Site "Helsingor DEN"]
[Date "2017.07.28"]
[Round "8.148"]
[White "Myrheim, Hakon Abeland"]
[Black "Sondergaard, Lars"]
[Result "1-0"]
[WhiteElo "1880"]
[BlackElo "1686"]
[WhiteFideId "1526820"]
[BlackFideId "1406973"]
[EventDate "2017.07.22"]

1. e4 e5 2. Nf3 d6 3. d4 exd4 4. Nxd4 Nf6 5. Nc3 Be7 6. Be2 Bd7 7. Bf4 Nc6 8.
Qd2 Nxd4 9. Qxd4 O-O 10. O-O-O a6 11. Qe3 Qc8 12. g4 Nxg4 13. Bxg4 Bxg4 14. Rdg1
g6 15. f3 Be6 16. Bh6 Re8 17. h4 Bf6 18. h5 Qd7 19. f4 c6 20. Qf3 Kh8 21. hxg6
fxg6 22. f5 gxf5 23. exf5 Bxf5 24. Rf1 Re5 25. Rh5 Qe7 26. Rxf5 Rxf5 27. Qxf5
Bg7 28. Bg5 Qe5 29. Qxe5 Bxe5 30. Rf7 Rg8 31. Ne4 Rxg5 32. Nxg5 1-0

[Event "Xtracon Chess Open 2017"]
[Site "Helsingor DEN"]
[Date "2017.07.28"]
[Round "8.149"]
[White "Larsen, Preben R."]
[Black "Larsen, Mette Dalsgaard"]
[Result "1-0"]
[WhiteElo "1860"]
[BlackElo "1679"]
[WhiteFideId "1425790"]
[BlackFideId "1430718"]
[EventDate "2017.07.22"]

1. e4 e6 2. d4 d5 3. Nc3 dxe4 4. Nxe4 Nf6 5. Bd3 Be7 6. Nf3 Nbd7 7. c3 b6 8. Ne5
Nxe5 9. dxe5 Nxe4 10. Qa4+ Bd7 11. Qxe4 c6 12. Qg4 g6 13. Be3 Qc7 14. O-O Bc8
15. Rfd1 Bb7 16. Rd2 O-O-O 17. Rad1 Rd7 18. Qf3 Bf8 19. Qf6 Rg8 20. f4 Bg7 21.
Qh4 h5 22. Qf2 Rgd8 23. a4 Bf8 24. a5 c5 25. axb6 axb6 26. b4 Qc6 27. h3 Kc7 28.
Qe2 Rxd3 29. Rxd3 Rxd3 30. Rxd3 Ba6 31. Rd7+ Qxd7 32. Qxa6 Qc6 33. b5 Qb7 34.
Qa4 Kd8 35. Kf2 Be7 36. c4 Ke8 37. Qa6 Qc7 38. Kf3 Bd8 39. Qa8 Qd7 40. Ke2 Qc7
41. Bf2 Qd7 42. Bh4 Qd4 43. Qxd8+ Qxd8 44. Bxd8 Kxd8 45. Kf3 Ke7 46. g4 hxg4+
47. hxg4 f5 48. exf6+ Kxf6 49. Ke4 g5 50. fxg5+ Kxg5 51. Ke5 Kxg4 52. Kxe6 Kf4
53. Kd5 Ke3 54. Kc6 Kd4 55. Kxb6 Kxc4 56. Ka5 Kd3 57. b6 c4 58. b7 c3 59. b8=Q
c2 60. Qf4 1-0

[Event "Xtracon Chess Open 2017"]
[Site "Helsingor DEN"]
[Date "2017.07.28"]
[Round "8.150"]
[White "Kalveus, Jan"]
[Black "Dahl, Max"]
[Result "1-0"]
[WhiteElo "1856"]
[BlackElo "1660"]
[WhiteFideId "1721682"]
[BlackFideId "1526626"]
[EventDate "2017.07.22"]

1. d4 Nf6 2. Bg5 Ne4 3. Bf4 d5 4. Nd2 Nf6 5. e3 e6 6. Ngf3 c5 7. c3 Nc6 8. Ne5
Bd6 9. Bb5 Qc7 10. Ndf3 Nd7 11. O-O f6 12. Nxd7 Bxd7 13. Bxd6 Qxd6 14. dxc5 Qxc5
15. Bxc6 Bxc6 16. Qd4 Qxd4 17. exd4 Kf7 18. Rfe1 Rhe8 19. Re3 Bd7 20. Rae1 Rac8
21. h3 Rc6 22. g4 g5 23. Kg2 Ra6 24. a3 Rb6 25. R3e2 Bb5 26. Rd2 Bc4 27. Kg3 h6
28. h4 Rh8 29. Rh1 Kg7 30. Ne1 a5 31. hxg5 hxg5 32. Rxh8 Kxh8 33. f4 gxf4+ 34.
Kxf4 Kg7 35. Nf3 Ra6 36. g5 Ra8 37. gxf6+ Kxf6 38. Rh2 Rf8 39. Ne5 Ke7+ 40. Ke3
b5 41. Ng6+ Ke8 42. Nxf8 Kxf8 43. Rh7 a4 44. Kf4 Kg8 45. Rc7 Kf8 46. Ke5 Ke8 47.
Kxe6 Kd8 48. Rxc4 dxc4 49. Kd6 b4 50. axb4 a3 51. bxa3 1-0